|
|
|
|
| LEADER |
00000nam a2200000 a 4500 |
| 001 |
vtls001334577 |
| 003 |
SK-MaSNL |
| 005 |
20260224195433.0 |
| 008 |
210928s1971 xx 0 und |
| 035 |
|
|
|a SNK000287529
|
| 040 |
|
|
|a SNK
|b slo
|c SNK
|e AACR2
|
| 245 |
1 |
|
|a Fakta nelze zamlčet 1
|b Svědectví lidí a dokumentů
|
| 260 |
|
|
|a Praha
|b Rudé právo
|c 1971
|
| 300 |
|
|
|a 173 s.
|
| 958 |
|
|
|a OND
|
| 999 |
|
|
|c 1148113
|d 1150043
|
| 952 |
|
|
|t P60, <04>, [BOOK], {604}
|a SNK
|b SNK
|y VYP
|7 0
|p 17A0143245
|o snkIC 50409/1 D1
|0 0
|1 1
|4 0
|d 1998-06-16
|l 0
|r 2005-01-02 00:00:00
|w 2026-02-24
|
| 952 |
|
|
|t P60, <04>, [BOOK], {604}
|a SNK
|b SNK
|y VYP
|7 0
|p 17A0317560
|o snkIC 50409/1
|i snkKIP 9813/71
|0 0
|1 0
|4 0
|d 2001-10-08
|l 0
|r 2005-01-02 00:00:00
|w 2026-02-24
|